C How to Program / (Record no. 221)
[ view plain ]
| 000 -LEADER | |
|---|---|
| fixed length control field | 00513nam a2200169Ia 4500 |
| 008 - FIXED-LENGTH DATA ELEMENTS--GENERAL INFORMATION | |
| fixed length control field | 190805s9999||||xx |||||||||||||| ||und|| |
| 020 ## - INTERNATIONAL STANDARD BOOK NUMBER | |
| International Standard Book Number | 9789332555310 |
| Terms of availability | Rs. 799.00 |
| 082 04 - DEWEY DECIMAL CLASSIFICATION NUMBER | |
| Classification number | 005.133 |
| Item number | D3686 |
| 100 1# - MAIN ENTRY--PERSONAL NAME | |
| Personal name | Deitel, Paul |
| 245 10 - TITLE STATEMENT | |
| Title | C How to Program / |
| 250 ## - EDITION STATEMENT | |
| Edition statement | 7th ed. |
| 260 ## - PUBLICATION, DISTRIBUTION, ETC. (IMPRINT) | |
| Place of publication, distribution, etc | Noida : |
| Name of publisher, distributor, etc | Pearson India Education Ltd., |
| Date of publication, distribution, etc | 2015, reprinted 2017 |
| 300 ## - PHYSICAL DESCRIPTION | |
| Extent | xxviii, 947 p. |
| Other physical details | : |
| Dimensions | ; 23 cm. |
| 650 #0 - SUBJECT ADDED ENTRY--TOPICAL TERM | |
| Topical term or geographic name as entry element | C (Computer program language) |
| Form subdivision | Textbooks |
| 852 ## - LOCATION/CALL NUMBER | |
| Location | |
| 942 ## - ADDED ENTRY ELEMENTS (KOHA) | |
| Item type | Books |
| Withdrawn status | Lost status | Damaged status | Not for loan | Collection code | Permanent location | Current location | Shelving location | Date acquired | Source of acquisition | Cost, normal purchase price | Full call number | Barcode | Date last seen | Koha item type | Public note | Total Checkouts | Date last borrowed |
|---|---|---|---|---|---|---|---|---|---|---|---|---|---|---|---|---|---|
| Computer Science | IMU Kochi Library | IMU Kochi Library | General Stacks | 2017-06-30 | Educational Supplies | 799.00 | 005.133 D3686 | BK003953 | 2019-08-05 | Books | Gen. Shelf-1, Row-5 | ||||||
| Computer Science | IMU Kochi Library | IMU Kochi Library | General Stacks | 2017-06-30 | Educational Supplies | 799.00 | 005.133 D3686 | BK003954 | 2019-08-05 | Books | Gen. Shelf-1, Row-5 | ||||||
| Computer Science | IMU Kochi Library | IMU Kochi Library | General Stacks | 2017-06-30 | Educational Supplies | 799.00 | 005.133 D3686 | BK003955 | 2025-02-06 | Books | Gen. Shelf-1, Row-5 | 1 | 2025-02-06 | ||||
| Computer Science | IMU Kochi Library | IMU Kochi Library | General Stacks | 2017-06-30 | Educational Supplies | 799.00 | 005.133 D3686 | BK003956 | 2019-08-05 | Books | Gen. Shelf-1, Row-5 | ||||||
| Computer Science | IMU Kochi Library | IMU Kochi Library | General Stacks | 2017-06-30 | Educational Supplies | 799.00 | 005.133 D3686 | BK003952 | 2019-08-05 | Books | Gen. Shelf-1, Row-5 |